The era of high- speed growth : Notes on the postwar Japanese economy

Đã lưu trong:
Bibliografiske detaljer
Hovedforfatter: Yutaka Kosai
Format: Bog
Sprog:Undetermined
Udgivet: Tokyo Universit of Tokyo Press 1986
Fag:
Tags: Tilføj Tag
Ingen Tags, Vær først til at tagge denne postø!
Thư viện lưu trữ: Trung tâm Học liệu Trường Đại học Cần Thơ
LEADER 00526nam a2200193Ia 4500
001 CTU_84673
008 210402s9999 xx 000 0 und d
082 |a 338.952 
082 |b K86 
100 |a Yutaka Kosai 
245 4 |a The era of high- speed growth : 
245 0 |b Notes on the postwar Japanese economy 
245 0 |c Yutaka Kosai 
260 |a Tokyo 
260 |b Universit of Tokyo Press 
260 |c 1986 
650 |a japan 
650 |x economic policy 
980 |a Trung tâm Học liệu Trường Đại học Cần Thơ